Pérdidas de los franceses en España (Record no. 172712)

MARC details
000 -LEADER
campo de control de longitud fija 00732nam a22001815i 4500
001 - NÚMERO DE CONTROL
campo de control 172712
003 - IDENTIFICADOR DE NÚMERO DE CONTROL
campo de control ES-MaACL
005 - FECHA Y HORA DE LA ÚLTIMA TRANSACCIÓN
campo de control 20240229062730.0
008 - DATOS DE LONGITUD FIJA--INFORMACIÓN GENERAL
campo de control de longitud fija 090902s1812 sp |||| | spa d
080 ## - NÚMERO DE LA CLASIFICACIÓN DECIMAL UNIVERSAL
Número de la Clasificación Decimal Universal 94(460)"1808/14"
245 00 - MENCIÓN DEL TÍTULO
Título Pérdidas de los franceses en España
Resto del título : breve descripcion de los mas prinicipales sucesos de la Guerra en la Península hasta fin de Agosto de 1811 /
Mención de responsabilidad, etc. traducida del frances al castellano por D. J. M. A. C. D. P. D. O. D. L. J. S. D. A.
260 ## - PUBLICACIÓN, DISTRIBUCIÓN, ETC.
Lugar de publicación, distribución, etc. [S.l. :
Nombre del editor, distribuidor, etc. s.n.],
Fecha de publicación, distribución, etc. 1812.
300 ## - DESCRIPCIÓN FÍSICA
Extensión 94 p. ;
Dimensiones 15 cm.
500 ## - NOTA GENERAL
Nota general Ejemplar fotocopiado.
651 #4 - PUNTO DE ACCESO ADICIONAL DE MATERIA--NOMBRE GEOGRÁFICO
Nombre geográfico España-
Subdivisión general Historia-
Subdivisión cronológica 1808-1814, Guerra de la Independencia
9 (RLIN) 8244
852 ## - LOCALIZACIÓN
Ubicación ES-MaACL
Número de control de estantería G-9066
itemnumber R.145135
Holdings
Estatus retirado Estado de pérdida Estado de daño No para préstamo Colección Biblioteca de origen Biblioteca actual Ubicación en estantería Fecha de adquisición Fuente de adquisición Total de préstamos Signatura topográfica completa Código de barras Visto por última vez Precio de reemplazo Tipo de ítem Koha
        Libros del s. XIX Biblioteca del Ateneo de Madrid Biblioteca del Ateneo de Madrid Sala Pecera Planta 3 02/09/2009     G-9066 1181242 23/02/2023 23/02/2023 Libro impreso antiguo